[Event "POL Cup op rapid"]
[Site "Lodz"]
[Date "2021.08.07"]
[Round "1"]
[White "Dyszy, Jacek"]
[Black "Lubczynski, Rafal"]
[Result "0-1"]
[WhiteElo "1626"]
[BlackElo "2429"]
[PlyCount "23"]
[EventDate "2021.08.07"]
[EventType "swiss (rapid)"]
[EventRounds "9"]
[EventCountry "POL"]
[SourceTitle "CBM 203 Extra"]
[Source "ChessBase"]
[SourceDate "2021.09.30"]
[SourceVersion "1"]
[SourceVersionDate "2021.09.30"]
[SourceQuality "1"]

1. d4 Nf6 2. e3 e6 3. Bd3 c5 4. c3 b6 5. f4 Bb7 6. Nf3 h6 7. 0-0 Qc7 8. Qe2 g5 9. f5 Bd6 10. e4 c4 11. e5 cxd3 12. Qxd3 0-1

[Event "Opole Termika Rapid op"]
[Site "Opole"]
[Date "2021.07.17"]
[Round "1"]
[White "Dyszy, Jacek"]
[Black "Pakleza, Zbigniew"]
[Result "0-1"]
[WhiteElo "1626"]
[BlackElo "2501"]
[PlyCount "50"]
[EventDate "2021.07.17"]
[EventType "swiss (rapid)"]
[EventRounds "9"]
[EventCountry "POL"]
[SourceTitle "CBM 203 Extra"]
[Source "ChessBase"]
[SourceDate "2021.09.30"]
[SourceVersion "1"]
[SourceVersionDate "2021.09.30"]
[SourceQuality "1"]

1. d4 d6 2. e3 Nf6 3. Bd3 e5 4. f3 Nc6 5. Ne2 Be7 6. c4 0-0 7. Nbc3 Re8 8. a3 Bf8 9. d5 Ne7 10. e4 c6 11. Bg5 Ng6 12. Qd2 Be7 13. h4 Nf8 14. 0-0-0 a6 15. Be3 N6d7 16. f4 exf4 17. Bxf4 Ng6 18. Nd4 Nde5 19. Bg5 Bg4 20. Rdf1 Bxg5 21. hxg5 Nxd3+ 22. Qxd3 Qxg5+ 23. Kb1 Ne5 24. Qg3 h6 25. Nf5 Nxc4 0-1

[Event "Rail 4 countries 20th"]
[Site "Ludwigshafen"]
[Date "2003.05.31"]
[Round "2.7"]
[White "Graf, Martin"]
[Black "Dyszy, Jacek"]
[Result "1/2-1/2"]
[WhiteElo "1517"]
[BlackElo "1800"]
[PlyCount "90"]
[EventDate "2003.05.30"]
[EventType "team"]
[EventRounds "3"]
[EventCountry "GER"]
[SourceTitle "EXT 2004"]
[Source "ChessBase"]
[SourceDate "2003.11.25"]
[SourceVersion "1"]
[SourceVersionDate "2003.11.25"]
[SourceQuality "1"]

1. e4 e6 2. Nf3 d5 3. e5 c5 4. Bb5+ Nc6 5. 0-0 Bd7 6. Bxc6 Bxc6 7. d4 Qb6 8. c3 Ne7 9. dxc5 Qxc5 10. Be3 Qa5 11. Nbd2 Nf5 12. Bf4 Qa4 13. Qxa4 Bxa4 14. Nd4 Nxd4 15. cxd4 Bb4 16. b3 Bb5 17. Rfc1 Ba3 18. Rc7 Bc6 19. Nf3 h6 20. Bd2 a5 21. Bxa5 Rf8 22. Bb6 Rh8 23. Ne1 Rh7 24. Nd3 Be7 25. a4 Bd8 26. Rxc6 bxc6 27. Bxd8 Kxd8 28. a5 Rh8 29. b4 Kc7 30. Nc5 Rhb8 31. Nd3 Rb5 32. f4 g6 33. Kf2 Kb7 34. Ke2 Ka7 35. Kd2 Rc8 36. Kc3 Rcb8 37. Ra4 Rc8 38. Nc5 Rd8 39. g4 h5 40. g5 Rbb8 41. h4 Rb5 42. a6 Rb6 43. Nb7 Rc8 44. Nd6 Rc7 45. Ne8 Re7 1/2-1/2